| 000 | 01251nam a2200313Ia 4500 | ||
|---|---|---|---|
| 001 | ebr10171506 | ||
| 003 | CaPaEBR | ||
| 006 | m u | ||
| 007 | cr cn||||||||| | ||
| 008 | 060621s2007 enk sb 001 0 eng d | ||
| 020 | _z9781403965691 (hbk.) | ||
| 020 | _z1403965692 (hbk.) | ||
| 040 |
_aCaPaEBR _cCaPaEBR |
||
| 035 | _a(OCoLC)560496243 | ||
| 050 | 1 | 4 |
_aDT512.3.N57 _bR35 2007eb |
| 082 | 0 | 4 |
_a966.7051 _222 |
| 100 | 1 |
_aRahman, Ahmad, _d1920- |
|
| 245 | 1 | 4 |
_aThe regime change of Kwame Nkrumah _h[electronic resource] : _bepic heroism in Africa and the diaspora / _cAhmad A.Rahman. |
| 260 |
_aBasingstoke : _bPalgrave Macmillan, _c2007. |
||
| 300 | _axvi, 250 p. | ||
| 504 | _aIncludes bibliographical references and index. | ||
| 533 |
_aElectronic reproduction. _bPalo Alto, Calif. : _cebrary, _d2009. _nAvailable via World Wide Web. _nAccess may be limited to ebrary affiliated libraries. |
||
| 600 | 1 | 0 |
_aNkrumah, Kwame, _d1909-1972. |
| 650 | 0 |
_aPresidents _zGhana. |
|
| 651 | 0 |
_aGhana _xPolitics and government _y1957-1979. |
|
| 655 | 7 |
_aElectronic books. _2local |
|
| 710 | 2 | _aebrary, Inc. | |
| 856 | 4 | 0 |
_uhttp://site.ebrary.com/lib/rucke/Doc?id=10171506 _zAn electronic book accessible through the World Wide Web; click to view |
| 999 |
_c248734 _d248734 |
||